<?xml version="1.0" encoding="UTF-8"?>
<record
    xmlns:xsi="http://www.w3.org/2001/XMLSchema-instance"
    xsi:schemaLocation="http://www.loc.gov/MARC21/slim http://www.loc.gov/standards/marcxml/schema/MARC21slim.xsd"
    xmlns="http://www.loc.gov/MARC21/slim">

  <leader>00471nam a2200193 a 4500</leader>
  <controlfield tag="001">1758431005002</controlfield>
  <controlfield tag="003">ACL</controlfield>
  <controlfield tag="005">20250921103457.0</controlfield>
  <controlfield tag="008">250921s2006##################000#0#eng##</controlfield>
  <datafield tag="020" ind1=" " ind2=" ">
    <subfield code="a">9780340928158</subfield>
  </datafield>
  <datafield tag="082" ind1="0" ind2="4">
    <subfield code="a">793.74</subfield>
    <subfield code="b">THO</subfield>
  </datafield>
  <datafield tag="100" ind1="1" ind2=" ">
    <subfield code="a">Thomas, Nick Afka,</subfield>
    <subfield code="e">author.</subfield>
  </datafield>
  <datafield tag="245" ind1="1" ind2="0">
    <subfield code="a">Advanced Sudoku and Kakuro :</subfield>
  </datafield>
  <datafield tag="260" ind1=" " ind2=" ">
    <subfield code="b">Teach Yourself,</subfield>
    <subfield code="c">2006.</subfield>
  </datafield>
  <datafield tag="300" ind1=" " ind2=" ">
    <subfield code="a">242 pages</subfield>
  </datafield>
  <datafield tag="650" ind1=" " ind2="0">
    <subfield code="a">Kakuro.</subfield>
  </datafield>
  <datafield tag="942" ind1=" " ind2=" ">
    <subfield code="c">ENGLISH</subfield>
  </datafield>
  <datafield tag="040" ind1=" " ind2=" ">
    <subfield code="a">ACL</subfield>
    <subfield code="b">eng</subfield>
    <subfield code="c">ACL</subfield>
  </datafield>
  <datafield tag="999" ind1=" " ind2=" ">
    <subfield code="c">588457</subfield>
    <subfield code="d">588457</subfield>
  </datafield>
  <datafield tag="952" ind1=" " ind2=" ">
    <subfield code="0">0</subfield>
    <subfield code="1">0</subfield>
    <subfield code="4">0</subfield>
    <subfield code="7">0</subfield>
    <subfield code="a">ACL</subfield>
    <subfield code="b">ACL</subfield>
    <subfield code="c">6B</subfield>
    <subfield code="d">2025-09-21</subfield>
    <subfield code="l">0</subfield>
    <subfield code="o">793.74 THO</subfield>
    <subfield code="p">360699</subfield>
    <subfield code="r">2025-09-21 10:34:57</subfield>
    <subfield code="w">2025-09-21</subfield>
    <subfield code="y">ENGLISH</subfield>
  </datafield>
  <datafield tag="952" ind1=" " ind2=" ">
    <subfield code="0">0</subfield>
    <subfield code="1">0</subfield>
    <subfield code="4">0</subfield>
    <subfield code="7">0</subfield>
    <subfield code="a">ACL</subfield>
    <subfield code="b">ACL</subfield>
    <subfield code="c">6B</subfield>
    <subfield code="d">2025-09-21</subfield>
    <subfield code="l">2</subfield>
    <subfield code="m">1</subfield>
    <subfield code="o">793.74 THO</subfield>
    <subfield code="p">360700</subfield>
    <subfield code="r">2026-04-13 15:29:54</subfield>
    <subfield code="s">2026-02-24</subfield>
    <subfield code="w">2025-09-21</subfield>
    <subfield code="y">ENGLISH</subfield>
  </datafield>
</record>
